| 000 | 01052nam a2200217Ia 4500 | ||
|---|---|---|---|
| 003 | Ost | ||
| 005 | 20260426125804.0 | ||
| 008 | 260426s9999||||xx |||||||||||||| ||und|| | ||
| 040 | _cfsecg | ||
| 041 | _afre | ||
| 082 | _a330 | ||
| 100 |
_ahirche, siham _eAuteur |
||
| 245 | 0 |
_acour d'économie générale et economie d'entreprise / _csiham hirche |
|
| 260 |
_aAlger : _bUniversité d'Alger3 Faculté des sciences économiques commerciales et des sciences de gestion, _c2020 |
||
| 300 |
_a105 feuil, _billustration, _c30 cm |
||
| 504 | _abibliographie feuil 105 | ||
| 520 | _a nations économiques de base, les agente économiques le marché , notions générales de l'économie , les mouvement de l'activité économique , , les facteurs de production , les fonction économique, les systémes économiques , économie d'etreprise , les types de fonctions | ||
| 653 | _aEconomie d'entreprise | ||
| 710 |
_aUniversité d'Alger3 Faculté des sciences économiques commerciales et des sciences de gestion _eÉditeur scientifique |
||
| 942 | _cHANDOUT | ||
| 999 |
_c41491 _d41491 |
||